Geography Quiz

Random Geography or City Quiz

American Suburbs Quiz Stats

 Plays Quiz Updated Oct 12, 2018

Score 0/26 Timer 05:00
5 Plays Today
Suburbs City % Correct
Yonkers, White Plains, Paramus, BridgeportNew York
94.2%
Pasadena, Malibu, Torrance, Redondo BeachLos Angeles
76.8%
Mesa, Glendale, Scottsdale, ChandlerPhoenix
73%
Bethesda, Potomac, Arlington, AlexandriaWashington, DC
72.3%
Aurora, Naperville, Joliet, GaryChicago
70.5%
Lowell, Cambridge, Quincy, LawrenceBoston
70.1%
Coral Gables, Key Biscayne, Hialeah, HomesteadMiami
63.4%
Plano, Frisco, Mesquite, DeSotoDallas
62.3%
Decatur, Marietta, Alpharetta, SmyrnaAtlanta
59.1%
Sausalito, Tiburon, San Mateo, Redwood CitySan Francisco
58.6%
Upper Darby, Ardmore, Bryn Mawr, VillanovaPhiladelphia
55.5%
Coronado, Chula Vista, La Mesa, PowaySan Diego
48.9%
Dearborn Heights, Livonia, Sterling Heights, SouthfieldDetroit
48.7%
Suburbs City % Correct
Windcrest, Alamo Heights, Schertz, KirbySan Antonio
47.2%
Katy, Pasadena, Sugar Land, The WoodlandsHouston
44%
Racine, Brookfield, Waukesha, Whitefish BayMilwaukee
42.9%
Bellevue, Kirkland, Bothell, BremertonSeattle
42.6%
Aurora, Lakewood, Arvada, EnglewoodDenver
37.8%
Carnegie, McKeesport, Monroeville, Evans CityPittsburgh
36.4%
Towson, Ellicott City, Columbia, RosedaleBaltimore
36.1%
Metairie, Kenner, Slidell, River RidgeNew Orleans
31.4%
Clayton, St. Charles, Frontenac, ChesterfieldSt. Louis
29.5%
Bloomington, Eagan, Edina, WoodburyMinneapolis - St. Paul
29.3%
Lakewood, Brook Park, Maple Heights, EuclidCleveland
23.3%
Carmel, Fishers, Zionsville, GreenwoodIndianapolis
21.2%
Brandon, Lutz, Spring Hill, Land O'LakesTampa
12.8%

You're not logged in!

Compare scores with friends on all Sporcle quizzes.
OR
Log In

Sporcle TV

Today on Sporcle TV


Watch our educational content, quiz creation guides, and fun videos on Sporcle TV.

Show Comments

Extras

Top Quizzes Today


Score Distribution

Your Account Isn't Verified!

In order to create a playlist on Sporcle, you need to verify the email address you used during registration. Go to your Sporcle Settings to finish the process.

Report this User

Report this user for behavior that violates our Community Guidelines.

Details: